000 01087cac a2200265 a 4500
003 CO-PeBPM
005 20251209185401.0
008 231129s2017||||ck a||||||||||||| ||spa||
020 _a9789587850550
040 _aCO-PeBPM
_bspa
_cCO-PeBPM
_erda
041 _aspa
082 0 4 _a(i) 793.319861 I59d
_222
110 1 0 _aInstitución Educativa San José (Guapi Cauca)
245 0 _a Danzas guapireñas
_c/ Comunidad Educativa de Guapi (Cauca) ; ilustraciones Deissy Daniela Paz.
250 _aEdición especial
260 _aBogotá, Colombia
_b : Ministerio de Educación Nacional
_b; Ministerio de Cultura
_c, 2017
300 _a17 páginas
_bilustraciones a color
_c21 centimetros
490 _aRío de Letras. Territorios narrados
_v27
500 _aContiene glosario al final del texto
650 1 4 _a Danzas populares y nacionales - Guapi (Cauca, Colombia)
_2LEMB
650 1 4 _aFestivales - Guapi (Cauca, Colombia)
_2LEMB
650 1 4 _aFolclor - Guapi (Cauca, Colombia)
_2LEMB
700 1 _aPaz, Deissy Daniela
_eilustradora
942 _2ddc
_cBK
999 _c8707
_d8707